BIBLIOTECA

SENCICO

Protección de los trabajadores (Registro nro. 3016)

Detalles MARC
000 -LEADER
fixed length control field 00708nam a2200205Ia 4500
005 - DATE AND TIME OF LATEST TRANSACTION
control field 20251020182600.0
008 - FIXED-LENGTH DATA ELEMENTS--GENERAL INFORMATION
fixed length control field 200515s9999 xx 000 0 und d
082 ## - DEWEY DECIMAL CLASSIFICATION NUMBER
Classification number SC/331.823:614.876/O36
110 ## - MAIN ENTRY--CORPORATE NAME
Corporate name or jurisdiction name as entry element OIT
245 #0 - TITLE STATEMENT
Title Protección de los trabajadores
260 ## - PUBLICATION, DISTRIBUTION, ETC.
Place of publication, distribution, etc. Ginebra
260 ## - PUBLICATION, DISTRIBUTION, ETC.
Date of publication, distribution, etc. 1987
300 ## - PHYSICAL DESCRIPTION
Extent 78
520 ## - SUMMARY, ETC.
Summary, etc. Destinada principalmente a autoridades y servicios oficiales, empleadores y trabajadores interesados, organismos especializados en protección radiológica, empresas y comités de seguridad e higiene, así como todos los que deban elaborar prescripciones al r
650 ## - SUBJECT ADDED ENTRY--TOPICAL TERM
Topical term or geographic name entry element LIB
650 ## - SUBJECT ADDED ENTRY--TOPICAL TERM
Topical term or geographic name entry element PUB OIT
650 ## - SUBJECT ADDED ENTRY--TOPICAL TERM
Topical term or geographic name entry element RADIACION
650 ## - SUBJECT ADDED ENTRY--TOPICAL TERM
Topical term or geographic name entry element SEGURIDAD E HIGIENE
942 ## - ADDED ENTRY ELEMENTS (KOHA)
Koha item type Libros
Existencias
Fecha de la última vez que lo usaron Pago total Signatura topográfica completa Código de barras Precio efectivo desde Tipo de documento Estado perdido Estado dañado No es para préstamo Retirado Ubicación permanente Ubicación actual Fecha de adquisición
15/05/2020   SC/331.823:614.876/O36 Bib-Lima15053016 15/05/2020 Libros         Biblioteca Central Lima Biblioteca Central Lima 15/05/2020